000 00283nam a2200109Ia 4500
008 220204s9999 xx 000 0 und d
082 _a628.39
_bWIL
100 _aWilliamson, Samuel J
245 0 _aFundamentals of air pollution
260 _aLondon
_bAddison Wesley
_c1973
942 _cBK
999 _c26662
_d26662